=LDR 00000nam 2200000 4500 =001 INLIS000000000033544 =005 20130612135507 =008 ***********************************ind** =035 ##$$0010-061300000033544 =041 ##$$a ind =082 ##$$a 639.7 =090 ##$$a 639.7, Kha m =100 ##$$a KHAIRUMAN =245 ##$$a Mengeruk Untung Dari Beternak Cacing / Khairuman dan Khaerul Amri ; Penyunting, Purwadaksi Rahmat =260 ##$$a 2009 $b Jakarta =300 ##$$a viii, 80 hlm, ilus, 23 cm =650 ##$$a Cacing - Budidaya =700 ##$$a Amri, Khaerul =850 ##$$a NBPNMAT =990 ##$$a 0001/BPAP-NTB/2015 =990 ##$$a 0001/BPAP-NTB/2015 =990 ##$$a 0001/BPAP-NTB/2015